[Event "Oberfranken Senioren-EM2009 26th"]
[Site "Bischofsgrün (5.6.-13.6)"]
[Date "2009.06.08"]
[Round "4.3"]
[White "Hoellger, Herbert"]
[Black "Schweizer, Wolfgang Dr"]
[Result "0-1"]
[WhiteElo "1883"]
[BlackElo "1908"]
[PlyCount "122"]
[EventDate "2009.06.??"]
[EventType "swiss"]
[EventRounds "9"]
[WhiteTeam "Bad Hersfeld SK"]
[BlackTeam "Kulmbach SK"]

1. d4 d5 2. Bf4 c6 3. e3 Bf5 4. c4 e6 5. Qb3 Qb6 6. c5 Qxb3 7. axb3 Bxb1 8.
Rxb1 Nd7 9. Ra1 a6 10. b4 Rc8 11. Nf3 Ngf6 12. h3 Be7 13. Bd3 O-O 14. Bg5 Rfe8
15. Ne5 Nxe5 16. dxe5 Nd7 17. Bf4 Bd8 18. Bg3 f6 19. exf6 Bxf6 20. Ra2 Nf8 21.
Bd6 Ng6 22. O-O Ne7 23. g4 g6 24. f3 Rcd8 25. e4 Bd4+ 26. Kg2 e5 27. Rd1 Nc8
28. Bc7 Rd7 29. Ba5 Ne7 30. b3 Rf8 31. Re2 Kg7 32. Bc2 g5 33. Red2 Ng6 34. exd5
Nh4+ 35. Kh1 cxd5 36. Bf5 Nxf5 37. gxf5 Rxf5 38. Rd3 Rf4 39. Kg2 Kg6 40. Kg3
Kf5 41. Bb6 h5 42. c6 bxc6 43. Bxd4 Rxd4 44. Rxd4 exd4 45. Rxd4 Ke5 46. Rd2 d4
47. Kf2 Kf4 48. Rd3 Rd5 49. Kg2 Ke5 50. Kg3 Rb5 51. h4 g4 52. fxg4 hxg4 53.
Kxg4 Ke4 54. Rd1 d3 55. h5 Ke3 56. h6 d2 57. h7 Rb8 58. Rh1 Rh8 59. Kg3 Ke2 60.
Rh2+ Kd3 61. Rh1 Kc2 0-1

[Event "Oberfranken Senioren-EM2009 26th"]
[Site "Bischofsgrün (5.6.-13.6)"]
[Date "2009.06.08"]
[Round "4.4"]
[White "Weigel, Herbert"]
[Black "Ragsch, Klaus"]
[Result "0-1"]
[WhiteElo "2010"]
[BlackElo "1813"]
[PlyCount "52"]
[EventDate "2009.06.??"]
[EventType "swiss"]
[EventRounds "9"]
[WhiteTeam "Zirndorf SK"]
[BlackTeam "Neuss/Norf SG"]

1. e4 e5 2. Nf3 Nf6 3. d4 Nxe4 4. Nxe5 d5 5. c4 Bb4+ 6. Nd2 O-O 7. Bd3 Nxd2 8.
Bxd2 Bxd2+ 9. Qxd2 f6 10. Nf3 Re8+ 11. Kd1 Nc6 12. cxd5 Qxd5 13. Qc2 Kh8 14.
Qc4 Qd6 15. d5 Nb4 16. Nd4 Nxd3 17. Qxd3 Qxd5 18. Kd2 Qg5+ 19. Kc3 c5 20. Nf3
Qf4 21. Rhe1 Qb4+ 22. Kc2 Bg4 23. Rxe8+ Rxe8 24. Re1 Qa4+ 25. Kb1 Rxe1+ 26.
Nxe1 Bf5 0-1

[Event "Oberfranken Senioren-EM2009 26th"]
[Site "Bischofsgrün (5.6.-13.6)"]
[Date "2009.06.08"]
[Round "4.5"]
[White "Huhn, Ulrich"]
[Black "Romanow, Werner"]
[Result "0-1"]
[WhiteElo "1860"]
[BlackElo "1975"]
[PlyCount "136"]
[EventDate "2009.06.??"]
[EventType "swiss"]
[EventRounds "9"]
[WhiteTeam "Berlin-Lasker-Steglitz SG"]
[BlackTeam "Merseburg SV"]

1. d4 Nf6 2. Nc3 d5 3. Bg5 Nbd7 4. f3 h6 5. Bh4 c6 6. e4 dxe4 7. fxe4 Qa5 8.
Qd2 e6 9. Nf3 Bb4 10. Bd3 b6 11. O-O Ba6 12. a3 Bxc3 13. Qxc3 Qxc3 14. bxc3
Bxd3 15. cxd3 O-O 16. Rab1 Rac8 17. Rfc1 Nh5 18. Kf1 Nf4 19. Bg3 Ng6 20. Ke2
Rfe8 21. Re1 f6 22. Kd2 Red8 23. Ke2 Re8 24. Kf1 Kf7 25. Rbd1 Kg8 26. h3 Kf7
27. Bh2 Ne7 28. g4 c5 29. Rc1 cxd4 30. cxd4 Rxc1 31. Rxc1 Rc8 32. Rxc8 Nxc8 33.
Ke2 Ne7 34. Kd2 Ke8 35. Kc3 Kd8 36. Kc4 Kc8 37. Bd6 Ng6 38. h4 Kb7 39. h5 Kc6
40. Bg3 Ne7 41. Bf4 a6 42. Bg3 b5+ 43. Kb4 Kb6 44. Bd6 a5+ 45. Kc3 Nc8 46. Bf4
Kc6 47. d5+ exd5 48. Nd4+ Kb6 49. Nf5 dxe4 50. dxe4 Nc5 51. Be3 Kc6 52. Nd4+
Kd7 53. Nf5 Nxe4+ 54. Kd4 Ng5 55. Nxg7 Ne7 56. Kc5 b4 57. axb4 axb4 58. Nf5
Nxf5 59. gxf5 b3 60. Bd4 Ke7 61. Kc4 Ne4 62. Kxb3 Ng3 63. Kc4 Nxf5 64. Bc5+ Ke6
65. Kd3 Ke5 66. Bf8 Kf4 67. Ke2 Kg5 68. Kf3 Kxh5 0-1

[Event "Oberfranken Senioren-EM2009 26th"]
[Site "Bischofsgrün (5.6.-13.6)"]
[Date "2009.06.08"]
[Round "4.6"]
[White "Kraft, Hans(32)"]
[Black "Segelken, Peter(41)"]
[Result "1-0"]
[WhiteElo "1936"]
[BlackElo "1702"]
[PlyCount "69"]
[EventDate "2009.06.??"]
[EventType "swiss"]
[EventRounds "9"]
[WhiteTeam "Zirndorf SK"]
[BlackTeam "Delmenhorst SK"]

1. e4 e5 2. Nf3 Nc6 3. Bb5 a6 4. Ba4 Nf6 5. O-O b5 6. Bb3 Be7 7. Re1 O-O 8. d3
d6 9. c3 Bb7 10. Nbd2 h6 11. Nf1 Nh7 12. Ng3 Ng5 13. Nf5 Nxf3+ 14. Qxf3 Bg5 15.
Qg3 Qf6 16. h4 Bxc1 17. Raxc1 Ne7 18. Nxe7+ Qxe7 19. d4 Qf6 20. dxe5 dxe5 21.
c4 b4 22. c5 c6 23. Re3 Qf4 24. Qxf4 exf4 25. Rd3 a5 26. Rd7 Ba6 27. Ba4 Rac8
28. Ra7 Ra8 29. Rxa8 Rxa8 30. Bxc6 Rc8 31. Bd5 Kf8 32. b3 f6 33. c6 Ke7 34. Rc5
Bb7 35. cxb7 1-0

[Event "Oberfranken Senioren-EM2009 26th"]
[Site "Bischofsgrün (5.6.-13.6)"]
[Date "2009.06.08"]
[Round "4.7"]
[White "Tuertmann, Dieter"]
[Black "Theuermeister, Peter"]
[Result "1-0"]
[WhiteElo "1814"]
[BlackElo "1633"]
[PlyCount "115"]
[EventDate "2009.06.??"]
[EventType "swiss"]
[EventRounds "9"]
[WhiteTeam "Eberswalde-1949 ESV"]
[BlackTeam "Hof-PTSV SK"]

1. Nf3 d5 2. e3 Nf6 3. d4 e6 4. Nbd2 c5 5. c3 a6 6. Bd3 c4 7. Bc2 b5 8. e4 dxe4
9. Nxe4 Nbd7 10. O-O Bb7 11. Qe2 Nxe4 12. Bxe4 Bxe4 13. Qxe4 Nf6 14. Qc6+ Nd7
15. a4 b4 16. Qxc4 bxc3 17. bxc3 a5 18. Bf4 Rc8 19. Qd3 Be7 20. Rfd1 O-O 21.
Rab1 Nb6 22. Ra1 Nd5 23. Bd2 Qc7 24. c4 Qxc4 25. Bxa5 Qxd3 26. Rxd3 Ra8 27. Bd2
Rfc8 28. g3 Nb4 29. Rc3 Rxc3 30. Bxc3 Nd5 31. Bd2 Bb4 32. a5 Bxd2 33. Nxd2 Kf8
34. Kf1 Ke7 35. Ke2 Kd7 36. Nc4 f6 37. Ra3 Ra6 38. Rb3 Kc6 39. Kd3 g5 40. Ke4
Nc7 41. Rb8 Nb5 42. f4 gxf4 43. gxf4 Nc3+ 44. Kd3 Nd5 45. Rc8+ Kd7 46. Rh8
Nxf4+ 47. Ke4 Nd5 48. Rxh7+ Kc6 49. Rh8 Kb5 50. Rc8 Ra7 51. Rc5+ Kb4 52. Nb6
Nxb6 53. axb6 Rb7 54. Rc6 e5 55. dxe5 fxe5 56. Kxe5 Kb5 57. Rc2 Rh7 58. b7 1-0

[Event "Oberfranken Senioren-EM2009 26th"]
[Site "Bischofsgrün (5.6.-13.6)"]
[Date "2009.06.08"]
[Round "4.8"]
[White "Josting, Friedel"]
[Black "Oser, Thor"]
[Result "1-0"]
[WhiteElo "1821"]
[BlackElo "1613"]
[PlyCount "53"]
[EventDate "2009.06.??"]
[EventType "swiss"]
[EventRounds "9"]
[WhiteTeam "Bünde SG"]
[BlackTeam "Jöhlingen SK"]

1. d4 d5 2. Nf3 Nf6 3. Bf4 e6 4. e3 Nbd7 5. Bd3 c5 6. c4 cxd4 7. exd4 Nb6 8. c5
Nbd7 9. Nc3 a6 10. O-O h6 11. Re1 Be7 12. b4 g5 13. Bg3 Nh5 14. Be5 Nxe5 15.
Nxe5 Nf6 16. a4 O-O 17. Qd2 Nd7 18. f4 Nxe5 19. fxe5 Bd7 20. h4 Kg7 21. h5 f5
22. exf6+ Rxf6 23. Bc2 Qc7 24. Nxd5 exd5 25. Rxe7+ Rf7 26. Rxf7+ Kxf7 27. Rf1+
1-0

[Event "Oberfranken Senioren-EM2009 26th"]
[Site "Bischofsgrün (5.6.-13.6)"]
[Date "2009.06.08"]
[Round "4.10"]
[White "Meyer, Thomas(52)"]
[Black "Schurig, Wilhelm"]
[Result "0-1"]
[WhiteElo "1587"]
[BlackElo "1859"]
[PlyCount "80"]
[EventDate "2009.06.??"]
[EventType "swiss"]
[EventRounds "9"]
[WhiteTeam "Tübingen SV"]
[BlackTeam "Thiersheim SV"]

1. d4 g6 2. c4 Bg7 3. Nc3 d6 4. e4 a6 5. Be3 c6 6. Bd3 b5 7. Nge2 Nd7 8. Qd2 h6
9. f3 Bb7 10. O-O Rc8 11. cxb5 axb5 12. Rfc1 Nb6 13. b3 Nf6 14. Ng3 Nfd7 15.
Rab1 O-O 16. Bxh6 Bxd4+ 17. Kh1 Bg7 18. Bxg7 Kxg7 19. Nce2 e5 20. Ng1 Nc5 21.
Nh3 Ne6 22. Rd1 Na8 23. Bf1 Nd4 24. Qg5 Qxg5 25. Nxg5 Nc7 26. Nh3 c5 27. Rbc1
Ra8 28. Ra1 Ra3 29. Ne2 Nce6 30. Nc3 Rfa8 31. Rab1 b4 32. Nd5 Bxd5 33. exd5 Nc7
34. Bc4 Rxa2 35. Ng5 Ncb5 36. Rg1 Na3 37. Rbe1 Nxc4 38. bxc4 Rc2 39. Ne4 Raa2
40. Nxd6 Nxf3 0-1

[Event "Oberfranken Senioren-EM2009 26th"]
[Site "Bischofsgrün (5.6.-13.6)"]
[Date "2009.06.08"]
[Round "4.11"]
[White "Doerfel, Franz"]
[Black "Klein, Reinhard(53)"]
[Result "1-0"]
[WhiteElo "1787"]
[BlackElo "1686"]
[PlyCount "81"]
[EventDate "2009.06.??"]
[EventType "swiss"]
[EventRounds "9"]
[WhiteTeam "Rehau ASV"]
[BlackTeam "München-RTA SC"]

1. e4 c5 2. Nf3 g6 3. d4 Bg7 4. c3 Nc6 5. Be3 cxd4 6. Nxd4 Nf6 7. Nxc6 bxc6 8.
Qc2 O-O 9. Be2 d6 10. f3 Be6 11. O-O Qc7 12. c4 Rab8 13. Nc3 Qb7 14. Rab1 Nd7
15. Kh1 Ne5 16. b3 f5 17. f4 Nd7 18. Rbd1 Rbc8 19. Bf3 fxe4 20. Nxe4 Bf5 21.
Qd2 Nf6 22. Ng3 Bg4 23. Bd4 Bxf3 24. Rxf3 c5 25. Bc3 Bh6 26. Qd3 Rcd8 27. f5 g5
28. Bxf6 Rxf6 29. Ne4 Rf7 30. Rh3 Rxf5 31. Rxh6 Rdf8 32. Ng3 R5f7 33. Kg1 Qd7
34. Rf1 Qg4 35. Rxf7 Rxf7 36. h3 Qf4 37. Re6 Qf2+ 38. Kh2 Qxa2 39. Nf5 Kf8 40.
Qe4 Kg8 41. Nh6+ 1-0

[Event "Oberfranken Senioren-EM2009 26th"]
[Site "Bischofsgrün (5.6.-13.6)"]
[Date "2009.06.08"]
[Round "4.12"]
[White "Bullock, Alfred"]
[Black "Otto, Klaus(41)"]
[Result "0-1"]
[WhiteElo "1403"]
[BlackElo "1607"]
[PlyCount "88"]
[EventDate "2009.06.??"]
[EventType "swiss"]
[EventRounds "9"]
[WhiteTeam "ENG-Poole"]
[BlackTeam "Triebes SV"]
[WhiteTeamCountry "ENG"]

1. d3 Nf6 2. Nd2 d5 3. e4 dxe4 4. Nxe4 Nxe4 5. dxe4 Qxd1+ 6. Kxd1 e5 7. Nf3 Bg4
8. Be3 Nc6 9. Bd3 O-O-O 10. Ke2 a6 11. c3 f6 12. h3 Be6 13. Nd2 Be7 14. Bc4
Rxd2+ 15. Bxd2 Bxc4+ 16. Kf3 Rd8 17. Be3 Rd3 18. b3 Be6 19. Rac1 f5 20. Rhd1
Rxd1 21. Rxd1 f4 22. Bc1 h5 23. g4 hxg4+ 24. hxg4 Nd8 25. Rg1 Nf7 26. Ke2 Nd6
27. f3 Nb5 28. Bb2 Nd6 29. Rh1 Nf7 30. c4 b5 31. cxb5 axb5 32. Rh7 Bf8 33. Rh5
g5 34. Rh1 Kb7 35. Kd3 c5 36. a4 c4+ 37. bxc4 Bxc4+ 38. Kd2 bxa4 39. Rb1 Ka6
40. Rc1 Bb4+ 41. Bc3 Bxc3+ 42. Rxc3 Kb5 43. Rc1 Kb4 44. Rb1+ Bb3 0-1

[Event "Oberfranken Senioren-EM2009 26th"]
[Site "Bischofsgrün (5.6.-13.6)"]
[Date "2009.06.08"]
[Round "4.13"]
[White "Barlo, Werner"]
[Black "Wagner, Gerhard(50)"]
[Result "1-0"]
[WhiteElo "1778"]
[BlackElo "1560"]
[PlyCount "67"]
[EventDate "2009.06.??"]
[EventType "swiss"]
[EventRounds "9"]
[WhiteTeam "Berlin-Zehlendorf SK"]
[BlackTeam "Windach Spf."]

1. d4 d5 2. c4 c6 3. Nc3 Nf6 4. e3 e6 5. Bd3 dxc4 6. Bxc4 b5 7. Bd3 a6 8. Nf3
Nbd7 9. O-O Be7 10. Re1 Qc7 11. e4 c5 12. d5 e5 13. Bg5 Nb6 14. h3 Bb7 15. Rc1
Rd8 16. b3 Rd7 17. Ne2 Rd8 18. Ng3 h6 19. Be3 g6 20. Qc2 Nbd7 21. Qb2 Bd6 22.
Qd2 Bf8 23. Bb1 Qd6 24. Red1 Rc8 25. Qa5 Be7 26. Qd2 Bf8 27. Bd3 Ng8 28. a4 b4
29. Qe2 f6 30. Nh4 Ne7 31. Qg4 Kf7 32. Bc4 Kg7 33. Ngf5+ Nxf5 34. Nxf5+ 1-0

[Event "Oberfranken Senioren-EM2009 26th"]
[Site "Bischofsgrün (5.6.-13.6)"]
[Date "2009.06.08"]
[Round "4.14"]
[White "Tunka, Josef"]
[Black "Gehlen, Peter"]
[Result "1-0"]
[WhiteElo "1664"]
[BlackElo "1389"]
[PlyCount "39"]
[EventDate "2009.06.??"]
[EventType "swiss"]
[EventRounds "9"]
[WhiteTeam "Lingen SV"]
[BlackTeam "Untersiemau TSV"]

1. c4 Nf6 2. Nc3 e6 3. e4 h6 4. e5 Nh7 5. f4 d6 6. Nf3 dxe5 7. fxe5 Be7 8. d4
b6 9. Bd3 O-O 10. Be4 c6 11. O-O Bb7 12. Be3 Nd7 13. a3 Rb8 14. Qd2 Ng5 15. Bc2
Nxf3+ 16. Rxf3 c5 17. Rg3 g5 18. Qd3 f5 19. exf6 Nxf6 20. Qg6+ 1-0

[Event "Oberfranken Senioren-EM2009 26th"]
[Site "Bischofsgrün (5.6.-13.6)"]
[Date "2009.06.08"]
[Round "4.15"]
[White "Froehling, Philippa"]
[Black "Jeske, Guenter(28)"]
[Result "0-1"]
[WhiteElo "1259"]
[BlackElo "1587"]
[PlyCount "52"]
[EventDate "2009.06.??"]
[EventType "swiss"]
[EventRounds "9"]
[WhiteTeam "Bamberg-1868 SC"]
[BlackTeam "Rostock-07 SSC"]

1. Nf3 Nf6 2. d4 d5 3. Nbd2 e6 4. c4 c6 5. cxd5 cxd5 6. g3 Nc6 7. e3 Bb4 8. Bb5
Qa5 9. Qa4 Bd7 10. Qxa5 Bxa5 11. Bxc6 Bxc6 12. O-O Bb5 13. Re1 Ne4 14. a3 Nxd2
15. Bxd2 Bb6 16. Bb4 f6 17. Rec1 Kf7 18. a4 Bc6 19. a5 Bd8 20. a6 Rc8 21. axb7
Bxb7 22. Rxc8 Bxc8 23. Rxa7+ Kg6 24. Nh4+ Kh6 25. Ra8 Bd7 26. f4 g5 0-1

[Event "Oberfranken Senioren-EM2009 26th"]
[Site "Bischofsgrün (5.6.-13.6)"]
[Date "2009.06.09"]
[Round "5.1"]
[White "Jeske, Eckhard(52)"]
[Black "Urytskyy, Arkadiy"]
[Result "0-1"]
[WhiteElo "2159"]
[BlackElo "2105"]
[PlyCount "96"]
[EventDate "2009.06.??"]
[EventType "swiss"]
[EventRounds "9"]
[WhiteTeam "Rostock-07 SSC"]
[BlackTeam "Kirchenlaibach TSV"]

1. c4 c5 2. Nf3 Nf6 3. d4 cxd4 4. Nxd4 Nc6 5. Nc3 g6 6. e4 d6 7. Be2 Bg7 8. Be3
O-O 9. h3 Bd7 10. O-O Rc8 11. Qd2 Qa5 12. Rfd1 a6 13. Nxc6 Bxc6 14. Nd5 Qd8 15.
Bb6 Qd7 16. e5 Ne4 17. Qe3 Bxd5 18. Rxd5 Qc6 19. Bf3 Ng5 20. Bg4 Rce8 21. exd6
exd6 22. Qb3 Ne4 23. Rad1 Be5 24. Bd4 h5 25. Bxe5 Rxe5 26. Rxe5 dxe5 27. Bf3 f5
28. c5+ Kg7 29. Bxe4 fxe4 30. Qe3 Rf6 31. b4 Qe6 32. Rd2 Qc4 33. a3 Qc1+ 34.
Kh2 Rf7 35. Re2 Qxe3 36. Rxe3 Rxf2 37. Rxe4 Kf6 38. Rc4 Ra2 39. c6 bxc6 40.
Rxc6+ Kf5 41. Rxa6 e4 42. Kg3 h4+ 43. Kxh4 Rxg2 44. b5 e3 45. Ra8 Ke4 46. a4 e2
47. Re8+ Kf4 48. b6 Rg5 0-1

[Event "Oberfranken Senioren-EM2009 26th"]
[Site "Bischofsgrün (5.6.-13.6)"]
[Date "2009.06.09"]
[Round "5.3"]
[White "Ragsch, Klaus"]
[Black "Kraft, Hans(32)"]
[Result "1/2-1/2"]
[WhiteElo "1813"]
[BlackElo "1936"]
[PlyCount "45"]
[EventDate "2009.06.??"]
[EventType "swiss"]
[EventRounds "9"]
[WhiteTeam "Neuss/Norf SG"]
[BlackTeam "Zirndorf SK"]

1. e4 c5 2. Nf3 g6 3. Nc3 Bg7 4. d4 cxd4 5. Nxd4 Nc6 6. Be3 Nf6 7. Be2 O-O 8.
O-O d6 9. Nb3 Be6 10. f3 a6 11. Qd2 Qc7 12. Rad1 Rac8 13. Nd4 Nxd4 14. Bxd4 b5
15. a3 Nd7 16. Bxg7 Kxg7 17. Kh1 Nb6 18. f4 f6 19. Rfe1 Nc4 20. Bxc4 Qxc4 21.
Qf2 Qc5 22. Qg3 Bf7 23. Rd2 1/2-1/2

[Event "Oberfranken Senioren-EM2009 26th"]
[Site "Bischofsgrün (5.6.-13.6)"]
[Date "2009.06.09"]
[Round "5.4"]
[White "Josting, Friedel"]
[Black "Boeven, Manfred"]
[Result "1/2-1/2"]
[WhiteElo "1821"]
[BlackElo "1978"]
[PlyCount "46"]
[EventDate "2009.06.??"]
[EventType "swiss"]
[EventRounds "9"]
[WhiteTeam "Bünde SG"]
[BlackTeam "Geilenkirchen SF"]

1. Nf3 d5 2. d4 Bf5 3. c4 e6 4. Nc3 c6 5. e3 Nd7 6. Bd3 Bg6 7. O-O Ngf6 8. Qe2
Be7 9. b3 O-O 10. Bb2 Ne4 11. Nd2 f5 12. f3 Nxd2 13. Qxd2 Nf6 14. Ne2 Bd6 15.
Kh1 Qe7 16. Nf4 Rae8 17. Nxg6 hxg6 18. Rae1 Nh5 19. g4 fxg4 20. fxg4 Rxf1+ 21.
Rxf1 Nf6 22. Qg2 Rf8 23. Bxg6 Nxg4 1/2-1/2

[Event "Oberfranken Senioren-EM2009 26th"]
[Site "Bischofsgrün (5.6.-13.6)"]
[Date "2009.06.09"]
[Round "5.5"]
[White "Jaschke, Dieter"]
[Black "Hoellger, Herbert"]
[Result "1-0"]
[WhiteElo "1773"]
[BlackElo "1883"]
[PlyCount "101"]
[EventDate "2009.06.??"]
[EventType "swiss"]
[EventRounds "9"]
[WhiteTeam "Kirchenlaibach TSV"]
[BlackTeam "Bad Hersfeld SK"]

1. d4 d5 2. c4 c6 3. cxd5 cxd5 4. Nc3 Nf6 5. Bf4 Qb6 6. Qd2 Bd7 7. e3 e6 8.
Bxb8 Rxb8 9. Bd3 Qa5 10. Nge2 Be7 11. O-O O-O 12. Rfd1 Rfc8 13. Rac1 Qb6 14.
Rc2 Ne8 15. Rdc1 Nd6 16. Ng3 f5 17. Nce2 Ne4 18. Rxc8+ Rxc8 19. Rxc8+ Bxc8 20.
Qc2 Bd7 21. Bxe4 fxe4 22. Nc3 Qc6 23. Qb3 a6 24. h3 Bd6 25. Nce2 Bc7 26. Qc3
Qd6 27. a3 b6 28. b4 Bb5 29. Nf4 Be8 30. Nxe6 Qxe6 31. Qxc7 Qc6 32. Qd8 g6 33.
Ne2 Kg7 34. Nf4 Bf7 35. Qe7 h6 36. h4 Kg8 37. a4 b5 38. axb5 axb5 39. Qc5 Qd7
40. Ne2 Qg4 41. Qxb5 g5 42. hxg5 h5 43. Qb8+ Kg7 44. Qe5+ Kg8 45. Nf4 Qd1+ 46.
Kh2 Qe1 47. g6 Bxg6 48. Nxg6 Qxf2 49. Qxd5+ Kg7 50. Qe5+ Kxg6 51. Qg3+ 1-0

[Event "Oberfranken Senioren-EM2009 26th"]
[Site "Bischofsgrün (5.6.-13.6)"]
[Date "2009.06.09"]
[Round "5.6"]
[White "Wawrinsky, Ludwig"]
[Black "Tuertmann, Dieter"]
[Result "1-0"]
[WhiteElo "1723"]
[BlackElo "1814"]
[PlyCount "131"]
[EventDate "2009.06.??"]
[EventType "swiss"]
[EventRounds "9"]
[WhiteTeam "Neuperlach SK"]
[BlackTeam "Eberswalde-1949 ESV"]

1. e4 e6 2. d3 c5 3. g3 b6 4. Bg2 Bb7 5. f4 Nf6 6. Nf3 d5 7. e5 Nfd7 8. O-O Na6
9. Nc3 Bc6 10. Re1 Nc7 11. Kh1 g6 12. Ne2 Be7 13. g4 h5 14. g5 Qb8 15. c3 a5
16. d4 Qb7 17. Nh4 b5 18. Be3 c4 19. a3 Kf8 20. Bd2 Kg7 21. Ng3 Nf8 22. f5 exf5
23. Ngxf5+ gxf5 24. Nxf5+ Kg8 25. Nxe7+ Kg7 26. Nf5+ Kg8 27. Nd6 Qa7 28. Qf3
Rh7 29. Rf1 Nce6 30. Rf2 Ng6 31. Nf5 Rd8 32. Nh6+ Kf8 33. Qxh5 Ke8 34. Raf1 Rd7
35. Rxf7 Rdxf7 36. Qxg6 Qe7 37. Nf5 Qd7 38. Nd6+ Kf8 39. Nxf7 Rxf7 40. Rxf7+
Qxf7 41. Qxf7+ Kxf7 42. h4 Kg6 43. Kh2 b4 44. axb4 axb4 45. Kg3 bxc3 46. bxc3
Ng7 47. Bh3 Ba4 48. Bg4 Bb5 49. e6 Nf5+ 50. Kf4 Nxh4 51. Ke5 Kg7 52. Kxd5 Ng6
53. Kd6 Kf8 54. Bh5 Ne7 55. g6 Ng8 56. Bg5 Kg7 57. Ke5 Be8 58. Kf5 Ba4 59. e7
Bd7+ 60. Ke5 Be8 61. d5 Bd7 62. Kd6 Be8 63. Kc7 Ba4 64. d6 Nf6 65. Bxf6+ Kg8
66. Bg5 1-0

[Event "Oberfranken Senioren-EM2009 26th"]
[Site "Bischofsgrün (5.6.-13.6)"]
[Date "2009.06.09"]
[Round "5.7"]
[White "Huhn, Ulrich"]
[Black "Weigel, Herbert"]
[Result "1/2-1/2"]
[WhiteElo "1860"]
[BlackElo "2010"]
[PlyCount "128"]
[EventDate "2009.06.??"]
[EventType "swiss"]
[EventRounds "9"]
[WhiteTeam "Berlin-Lasker-Steglitz SG"]
[BlackTeam "Zirndorf SK"]

1. d4 g6 2. Nc3 Bg7 3. Bg5 h6 4. Bh4 c5 5. Nf3 cxd4 6. Nxd4 Qb6 7. Nb3 Qb4 8.
Bg3 Bxc3+ 9. bxc3 Qxc3+ 10. Qd2 Qxd2+ 11. Nxd2 Nc6 12. Rb1 Nf6 13. e4 d6 14. f3
O-O 15. Bc4 b6 16. Bf4 Kg7 17. O-O Bb7 18. Rfe1 Rfd8 19. Rbd1 Rac8 20. Bb3 Nd4
21. Rc1 Ba6 22. Kf2 Nd7 23. Be3 Nxb3 24. cxb3 f6 25. Bd4 Kf7 26. Red1 h5 27.
Nf1 e5 28. Be3 Ke6 29. Ke1 Bb7 30. Rxc8 Rxc8 31. Rc1 d5 32. Rxc8 Bxc8 33. exd5+
Kxd5 34. Nd2 f5 35. Nb1 a6 36. Nc3+ Kc6 37. Kd2 b5 38. g3 Nc5 39. Bh6 b4 40.
Ne2 Ne6 41. h4 a5 42. Ke3 Ba6 43. Nc1 Kd5 44. Nd3 Bxd3 45. Kxd3 e4+ 46. fxe4+
fxe4+ 47. Ke3 Nd4 48. Bf4 Nf5+ 49. Kd2 Kc5 50. Bc7 Kb5 51. Bf4 a4 52. Be5 axb3
53. axb3 Kc5 54. Kc2 Nd4+ 55. Kb2 Kd5 56. Bf4 Ne2 57. Bc7 Kd4 58. Bd6 Kd3 59.
Bxb4 Nxg3 60. Be1 Nf5 61. b4 Kc4 62. Kc2 Nd4+ 63. Kd1 Kd3 64. Bg3 e3 1/2-1/2

[Event "Oberfranken Senioren-EM2009 26th"]
[Site "Bischofsgrün (5.6.-13.6)"]
[Date "2009.06.09"]
[Round "5.8"]
[White "Schurig, Wilhelm"]
[Black "Barlo, Werner"]
[Result "1/2-1/2"]
[WhiteElo "1859"]
[BlackElo "1778"]
[PlyCount "31"]
[EventDate "2009.06.??"]
[EventType "swiss"]
[EventRounds "9"]
[WhiteTeam "Thiersheim SV"]
[BlackTeam "Berlin-Zehlendorf SK"]

1. Nf3 Nf6 2. g3 b6 3. Bg2 Bb7 4. d3 e6 5. O-O d5 6. Nbd2 Bc5 7. e4 dxe4 8. Ng5
O-O 9. Ndxe4 Nxe4 10. Nxe4 Nd7 11. Nxc5 Nxc5 12. Bxb7 Nxb7 13. Qf3 Nd6 14. Qc6
Nf5 15. Be3 Nxe3 16. fxe3 1/2-1/2

[Event "Oberfranken Senioren-EM2009 26th"]
[Site "Bischofsgrün (5.6.-13.6)"]
[Date "2009.06.09"]
[Round "5.10"]
[White "Theuermeister, Peter"]
[Black "Tunka, Josef"]
[Result "0-1"]
[WhiteElo "1633"]
[BlackElo "1664"]
[PlyCount "108"]
[EventDate "2009.06.??"]
[EventType "swiss"]
[EventRounds "9"]
[WhiteTeam "Hof-PTSV SK"]
[BlackTeam "Lingen SV"]

1. d4 Nf6 2. Nf3 b6 3. c4 e6 4. Nc3 Bb7 5. Bg5 h6 6. Bh4 Be7 7. e3 d6 8. Bd3
Nbd7 9. O-O O-O 10. Re1 d5 11. cxd5 exd5 12. Rc1 Ne4 13. Bxe7 Qxe7 14. Qb3 c6
15. a4 a5 16. Qc2 Rfe8 17. Na2 c5 18. dxc5 Ndxc5 19. Bb5 Rec8 20. Qd1 Rd8 21.
Nd4 Rac8 22. Nc3 Qf6 23. Re2 Rd6 24. f3 Ng5 25. Qe1 Rc7 26. Qg3 Re7 27. Rce1 g6
28. h4 Re5 29. hxg5 Rxg5 30. Qf2 Bc8 31. f4 Rh5 32. Qg3 Kh7 33. Rf2 Rh4 34. Be2
Be6 35. Nxe6 fxe6 36. Nb5 Rd7 37. Nc3 Rg7 38. Qf3 h5 39. g3 g5 40. fxg5 Qxg5
41. Rg2 Rh3 42. Kf2 h4 43. Qf4 hxg3+ 44. Kg1 Qxf4 45. exf4 Rg6 46. Rf1 Rgh6 47.
Rxg3 Rxg3+ 48. Kf2 Rgh3 49. Ke1 d4 50. Nb5 d3 51. Bg4 Rg3 52. Bd1 Rh2 53. Rf2
Rg1+ 54. Rf1 d2# 0-1

[Event "Oberfranken Senioren-EM2009 26th"]
[Site "Bischofsgrün (5.6.-13.6)"]
[Date "2009.06.09"]
[Round "5.11"]
[White "Jeske, Guenter(28)"]
[Black "Weidmann, Hartmut"]
[Result "1-0"]
[WhiteElo "1587"]
[BlackElo "1649"]
[PlyCount "63"]
[EventDate "2009.06.??"]
[EventType "swiss"]
[EventRounds "9"]
[WhiteTeam "Rostock-07 SSC"]
[BlackTeam "Kirchenlamitz SF"]

1. c4 Nf6 2. Nc3 g6 3. e4 d6 4. g3 Nc6 5. Bg2 Bg7 6. Nge2 Ne5 7. d3 Bg4 8. f4
Nf3+ 9. Bxf3 Bxf3 10. O-O Bg4 11. Be3 c5 12. Qd2 Bh3 13. Rfd1 Ng4 14. Kh1 Nxe3
15. Qxe3 b6 16. Rg1 Qc7 17. g4 h5 18. Qxh3 hxg4 19. Qxg4 e6 20. f5 Be5 21. Ng3
gxf5 22. exf5 Ke7 23. fxe6 fxe6 24. Qg5+ Kd7 25. Raf1 Qc6+ 26. Nce4 Rag8 27.
Rf7+ Kc8 28. Qe3 Rg4 29. Qf3 Rgh4 30. Rf8+ Rxf8 31. Qxf8+ Kb7 32. Qe7+ 1-0

[Event "Oberfranken Senioren-EM2009 26th"]
[Site "Bischofsgrün (5.6.-13.6)"]
[Date "2009.06.09"]
[Round "5.12"]
[White "Oser, Thor"]
[Black "Meyer, Thomas(52)"]
[Result "1/2-1/2"]
[WhiteElo "1613"]
[BlackElo "1587"]
[PlyCount "49"]
[EventDate "2009.06.??"]
[EventType "swiss"]
[EventRounds "9"]
[WhiteTeam "Jöhlingen SK"]
[BlackTeam "Tübingen SV"]

1. e4 c6 2. d4 d5 3. exd5 cxd5 4. c4 Nf6 5. Nc3 e6 6. Nf3 Nbd7 7. cxd5 Nxd5 8.
Nxd5 exd5 9. Qb3 Nf6 10. Bb5+ Bd7 11. Bxd7+ Qxd7 12. O-O Be7 13. Ne5 Qc7 14.
Bf4 Qb6 15. Qa4+ Kf8 16. Bg5 Kg8 17. Nd7 Qc6 18. Qxc6 bxc6 19. Rac1 Rc8 20. Rc2
Nxd7 21. Bxe7 f6 22. Rfc1 Kf7 23. Ba3 Rhe8 24. Kf1 Re6 25. Re2 1/2-1/2

[Event "Oberfranken Senioren-EM2009 26th"]
[Site "Bischofsgrün (5.6.-13.6)"]
[Date "2009.06.09"]
[Round "5.13"]
[White "Segelken, Peter(41)"]
[Black "Bullock, Alfred"]
[Result "1-0"]
[WhiteElo "1702"]
[BlackElo "1403"]
[PlyCount "69"]
[EventDate "2009.06.??"]
[EventType "swiss"]
[EventRounds "9"]
[WhiteTeam "Delmenhorst SK"]
[BlackTeam "ENG-Poole"]
[BlackTeamCountry "ENG"]

1. e4 d6 2. Nf3 Nd7 3. Bc4 h6 4. d4 e6 5. O-O b6 6. d5 e5 7. Nc3 Ngf6 8. h3 Be7
9. Nh2 O-O 10. a4 a6 11. Bd2 Nh7 12. f4 exf4 13. Bxf4 Ne5 14. Be2 Bf6 15. Qd2
Bg5 16. Nf3 Bxf4 17. Qxf4 Nxf3+ 18. Rxf3 Qg5 19. Raf1 Qxf4 20. Rxf4 Nf6 21. Kh2
Nd7 22. Bd3 Ne5 23. Ne2 Bd7 24. b3 b5 25. axb5 Nxd3 26. cxd3 Bxb5 27. Nc1 a5
28. R1f2 a4 29. bxa4 Bxa4 30. Ra2 f6 31. e5 Bc6 32. dxc6 Rxa2 33. Nxa2 fxe5 34.
Rxf8+ Kxf8 35. Nb4 1-0